| 000 | 01750cam a2200361 a 4500 | ||
|---|---|---|---|
| 001 | 1669755 | ||
| 005 | 20040621190427.0 | ||
| 008 | 980312s2002 nyua |rb 001 0 eng | ||
| 010 | _a98015244 | ||
| 020 | _a0471839388 (v. 1 : alk. paper) | ||
| 020 | _a0471408158 (v. 2 : alk. paper) | ||
| 040 |
_aDLC _cDLC _dDLC |
||
| 050 | 0 | 0 |
_aTA1520 _b.I35 2002 |
| 082 | 0 | 0 |
_a621.36 _222 _bLIZ |
| 100 | 1 |
_aIizuka, Keigo, _d1931- _912532 |
|
| 245 | 1 | 0 |
_aElements of Photonics / _cKeigo Iizuka. |
| 260 |
_aNew York, N.Y. : _bWiley-Interscience, 2002 _cc2002. |
||
| 300 |
_a2 v. : _bill. ; _c26 cm. |
||
| 440 | 0 | _912533 | |
| 490 | _aWiley Series in Pure and Applied Optics | ||
| 504 | _aIncludes bibliographical references and indexes. | ||
| 505 | 0 | _av. 1. In free space and special media -- v. 2. For fiber and integrated optics. | |
| 650 | 0 |
_aPhotonics. _912534 |
|
| 650 | 0 |
_aIntegrated optics. _912535 |
|
| 650 | 0 |
_aFiber optics. _912536 |
|
| 856 | 4 | 2 |
_3Contributor biographical information _uhttp://www.loc.gov/catdir/bios/wiley042/98015244.html |
| 856 | 4 | 2 |
_3Publisher description _uhttp://www.loc.gov/catdir/description/wiley033/98015244.html |
| 856 | 4 |
_3Table of Contents _uhttp://www.loc.gov/catdir/toc/onix05/98015244.html |
|
| 942 |
_2ddc _cBB |
||
| 999 |
_c13644 _d13644 |
||